000 00489nmm a2200169Ia 4500
008 251105s9999||||xx |||||||||||||||||und||
020 _a9788495354341
041 _aspa
100 _aCristobal, Pilar
245 0 _aEl Sexo contado con sencillez
264 _a[Madrid, España] :
_bMaeva Ediciones,
_c2000
300 _a0 páginas
490 _aContado con Sencillez
650 _aMind, body and spirituality
856 _uhttps://public.digitaliapublishing.com/a/31572
942 _cCF
999 _c89582
_d89582